Diario de un CEO : 33 leyes para los negocios y la vida /

Guardat en:
Dades bibliogràfiques
Autor principal: Bartlett, Steven (autor)
Format: Llibre
Idioma:espanyol
Publicat: México : Empresa Activa, 2024, c2024
Matèries:
Etiquetes: Afegir etiqueta
Sense etiquetes, Sigues el primer a etiquetar aquest registre!

MARC

LEADER 00000nam^a2200000^a^4500
001 000590662
005 20250521000000.0
009 20260310132913.335
020 |a 978-607-748-916-0 
037 |a Acervo ITESO - Biblioteca 
041 |a ESP 
082 |a 658. 409  |b BAR 
100 |a Bartlett, Steven  |e (autor) 
245 1 0 |a Diario de un CEO :  |b 33 leyes para los negocios y la vida /  |c S. Bartlett ; tr. por Natalia Carolina Barry. 
264 4 |a México :  |b Empresa Activa,  |c 2024, c2024 
300 |a 365 p. 
336 |a texto  |b txt  |2 rdacontenido 
337 |a sin mediación  |b n  |2 rdamedio 
338 |a volumen  |b nc  |2 rdasoporte 
521 |a Peticiones 2024 
649 |a XX 
650 |a Liderazgo 
650 |a Creatividad en los Negocios 
650 |a Exito Profesional 
650 |a Desarrollo de Ejecutivos 
650 |a Habilidades Directivas -  |x Tema Principal 
650 |a Exito Administrativo -  |x Tema Principal 
650 |a Proceso Administrativo -  |x Dirección 
650 |a Administración 
650 |a Ciencias Administrativas 
910 |a Fondo General 
920 |a Impresos - Libros 
930 |a Colección General 
905 |a 101 
901 |a 590952-10  |b IT1  |c ACC  |i C187567  |u 20250521 
902 |a https://opac.biblio.iteso.mx/vufind/Record/000590662